Spoločné podniky: ako zvýšiť výnosy
Najdôležitejšie úlohy manažéra rizikových projektov. Podnikateľský návrh. Pomoc účastníkom projektu pri vyrovnaní sa s neistotou. Formulácia projektu takým spôsobom, aby ho iní mohli implementovať. Prijateľnosť projektu na trhu. Zabezpečenie obchodu. Použitie predstavivosti, nie peňazí. Odhalenie ne...
Salvato in:
| Autore principale: | |
|---|---|
| Altri autori: | |
| Natura: | Capitolo di libro |
| Lingua: | slovacco |
| Soggetti: | |
| Tags: |
Nessun Tag, puoi essere il primo ad aggiungerne!!
|
MARC
| LEADER | 00000naa a2200000 4500 | ||
|---|---|---|---|
| 001 | r042385 | ||
| 005 | 20230921111527.9 | ||
| 041 | 0 | |a slo | |
| 044 | |a SK | ||
| 245 | 1 | 0 | |a Spoločné podniky: ako zvýšiť výnosy |c Ian MacMillan, Rita McGrath |
| 520 | |a Najdôležitejšie úlohy manažéra rizikových projektov. Podnikateľský návrh. Pomoc účastníkom projektu pri vyrovnaní sa s neistotou. Formulácia projektu takým spôsobom, aby ho iní mohli implementovať. Prijateľnosť projektu na trhu. Zabezpečenie obchodu. Použitie predstavivosti, nie peňazí. Odhalenie nedostatkov v schopnostiach. Systémy včasného varovania. Zvládnutie sklamania pri zlyhaní. | ||
| 610 | 2 | 0 | |a zámery podnikateľské |
| 610 | 2 | 0 | |a riziko |
| 610 | 2 | 0 | |a riziko podnikateľské |
| 610 | 2 | 0 | |a manažéri |
| 610 | 2 | 0 | |a obchod |
| 610 | 2 | 0 | |a psychológia riadenia |
| 610 | 2 | 0 | |a trh |
| 610 | 2 | 0 | |a znižovanie nákladov |
| 610 | 2 | 0 | |a výnosy podnikové |
| 100 | 1 | |a MacMillan, Ian | |
| 700 | 1 | |a McGrath, Rita | |